| 000 | 00556nam a2200193 a 4500 | ||
|---|---|---|---|
| 003 | PILC | ||
| 005 | 20160301143909.0 | ||
| 008 | 101007s19uu xx 00 eng d | ||
| 020 | _a9781845936327 | ||
| 050 |
_aG 155.A1 _b.Sm5697 2010 |
||
| 100 | _aSmith, Stephen L.J. | ||
| 245 |
_aPractical Tourism Research / _cStephen L.J. Smith |
||
| 260 |
_aUnited Kingdom : _bCabi, _c2010. |
||
| 300 |
_a259 pages : _billustrations ; _c24 cm. |
||
| 500 | _aIncludes index. | ||
| 650 |
_aTourism _xResearch _xMethodology. |
||
| 942 |
_cBK _2lcc _kFOR |
||
| 999 |
_c24096 _d24096 |
||